000 00504nam a2200181Ia 4500
003 GCL
008 140319s9999 xx 000 0 ara d
040 _aGCL /
_cGCL
082 0 4 _a811.009
_bس غ
100 1 _aسالم عباس
245 1 0 _aغموض الشعر فى النقد العربى /
_cسالم عباس
260 _a[S.N] :
_bمطبعة المدنى ،
_c1994
300 _a344 ص
490 _a
650 0 4 _aالشعر العربى
650 0 4 _aتاريخ ونقد
942 _2ddc
_cBK
999 _c40134
_d40134